| 000 | 01256cam a22002294a 4500 | ||
|---|---|---|---|
| 005 | 20250605164000.0 | ||
| 008 | 250528s ||||||||||||||||||||||||d | ||
| 035 | _a15592 | ||
| 020 | _a77098641 | ||
| 040 |
_aGR-AtMCL _bgre _dGR-AtMCL _eAACR2 |
||
| 245 | 1 | _aObject-Oriented Systems Analysis and Design / Using UML | |
| 250 | _a2nd | ||
| 260 |
_bMcgraw Hill Book Company, _c2002 |
||
| 300 | _a612 | ||
| 520 | _aThe book provides a framework for development using an interactive and incremental process and the major techniques from UML I.4. Preface, Acknowledgements, Information Systems - What are They?, Problems in Information Systems Development, Avoiding the Problems, What is Object-Orientation, Modelling Concepts, Requirement Capture, Requirement Analysis, Refining the Requirements Model, Object Interaction, Specifying Operations, Specifying Control, Moving Into Design, Design Patterns, Designing Boundary Classes, Data Management Design, Implementation, Reusable Components, Managing Object-Oriented Projects, Systems Development Methodologies, Glossary, Bibliography, Index. | ||
| 700 | 1 |
_aBenett Simon _91552 |
|
| 700 | 1 |
_aFarmer Ray _91553 |
|
| 700 | 1 |
_aMcrobb Steve _91554 |
|
| 942 | _cBK | ||
| 999 |
_c1162 _d1162 |
||